Cartilla sobre asociaciones, corporaciones, fundaciones y redes de voluntariado / (Registro nro. 7824)

Detalles MARC
000 -LEADER
fixed length control field 01445nam a2200265Ia 4500
003 - CONTROL NUMBER IDENTIFIER
control field OSt
005 - DATE AND TIME OF LATEST TRANSACTION
control field 20210506004340.0
008 - FIXED-LENGTH DATA ELEMENTS--GENERAL INFORMATION
fixed length control field 210310s2007 ck a gr 000 0 spa d
020 ## - INTERNATIONAL STANDARD BOOK NUMBER
International Standard Book Number 9789584432742
040 ## - CATALOGING SOURCE
Original cataloging agency CO-JMCR
Transcribing agency CO-JMCR
041 0# - LANGUAGE CODE
Language code of text/sound track or separate title spa
082 04 - DEWEY DECIMAL CLASSIFICATION NUMBER
Classification number 334.09861 /
Item number C957c
Edition number 23
100 1# - MAIN ENTRY--PERSONAL NAME
Personal name Cruz, Alexander,
9 (RLIN) 15558
Relator term autor
245 10 - TITLE STATEMENT
Title Cartilla sobre asociaciones, corporaciones, fundaciones y redes de voluntariado /
Statement of responsibility, etc. Alexander Cruz, Beatriz Vásquez de Ramírez, Constanza Gómez [y otros 9]
260 ## - PUBLICATION, DISTRIBUTION, ETC.
Place of publication, distribution, etc. Bogotá :
Name of publisher, distributor, etc. DanSocial,
Date of publication, distribution, etc. 2007
300 ## - PHYSICAL DESCRIPTION
Extent 103 páginas :
Other physical details ilustraciones a blanco y negro ;
Dimensions 28 cm.
504 ## - BIBLIOGRAPHY, ETC. NOTE
Bibliography, etc. note Bibliografía: páginas 97-99
505 0# - FORMATTED CONTENTS NOTE
Formatted contents note Marco general de las organizaciones solidarias de desarrollo -- Marco normativo de las organizaciones solidarias de desarrollo -- Normas básicas de las organizaciones solidarias de desarrollo -- Procedimiento para la conformación legal de las organizaciones solidarias de desarrollo -- Desarrollo empresarial solidario -- Gestión y financiamiento para organizaciones solidarias de desarrollo -- Integración: redes Administración del voluntariado
650 14 - SUBJECT ADDED ENTRY--TOPICAL TERM
Topical term or geographic name entry element Economía solidaria
9 (RLIN) 15560
Geographic subdivision Colombia
650 24 - SUBJECT ADDED ENTRY--TOPICAL TERM
Topical term or geographic name entry element Organización de cooperación y desarrollo económico
9 (RLIN) 37467
650 24 - SUBJECT ADDED ENTRY--TOPICAL TERM
Topical term or geographic name entry element Cooperativas
Geographic subdivision Colombia
9 (RLIN) 37341
700 1# - ADDED ENTRY--PERSONAL NAME
Personal name Vásquez de Ramírez, Beatriz,
Relator term autora
9 (RLIN) 37468
700 1# - ADDED ENTRY--PERSONAL NAME
Personal name Gómez, Constanza,
Relator term autora
9 (RLIN) 37469
942 ## - ADDED ENTRY ELEMENTS (KOHA)
Source of classification or shelving scheme Dewey Decimal Classification
Koha item type Books
Existencias
Withdrawn status Lost status Source of classification or shelving scheme Damaged status Not for loan Collection code Home library Current library Date acquired Source of acquisition Full call number Barcode Date last seen Copy number Koha item type
    Dewey Decimal Classification     Non-fiction Biblioteca Pública José María del Castillo y Rada Biblioteca Pública José María del Castillo y Rada 04/15/2018 Donación 334.09861 / C957c 430003741 05/16/2024 Ej.1 Books